Devinez le Pays Mystère #2 - Statistiques

Statistiques générales
  • Ce quiz a été pris 3 048 fois
  • Le résultat moyen est 15 sur 19
Statistiques - réponses
Type de Réponse Réponse % Correct
Lettre Trouvée A
99%
Lettre Trouvée E
99%
Lettre Bien Placée E
97%
Lettre Trouvée L
93%
Lettre Bien Placée A
90%
Lettre Trouvée A
89%
Lettre Bien Placée A
88%
Lettre Trouvée I
88%
Lettre Trouvée T
82%
Lettre Trouvée R
80%
Lettre Trouvée U
73%
Lettre Trouvée S
70%
Lettre Bien Placée I
69%
Lettre Bien Placée R
63%
Lettre Bien Placée T
63%
Pays Mystère Australie
62%
Lettre Bien Placée L
62%
Lettre Bien Placée S
62%
Lettre Bien Placée U
62%
Aucun quiz correspondant
Distribution des résultats
% des personnes avec chaque résultat
Percentile par nombre de réponses
Votre historique - résultats
Vous n’avez pas pris ce quiz